| 000 | 00766 a2200229 4500 | ||
|---|---|---|---|
| 999 |
_c30256 _d30256 |
||
| 003 | NUST | ||
| 005 | 20180118114925.0 | ||
| 008 | 180118b xxu||||| |||| 00| 0 eng d | ||
| 020 | _a0521461367 | ||
| 020 | _a9780521461368 | ||
| 082 | _a530.11 | ||
| 100 | 1 |
_aStephani, Hans. _98625 |
|
| 245 | 1 | 0 |
_aExact solutions of einstein's field equations / _cHans Stephani, Dietrich Kramer, Malcolm MacCallum, Cornelius Hoenselaers, Eduard Herlt. |
| 250 | _a2nd ed. | ||
| 260 |
_a[S.l.] : _bCambridge University Press, _c2003. |
||
| 300 |
_a732 p. ; _c25 cm. |
||
| 490 | 1 | _aCambridge monographs on mathematical physics. | |
| 700 | 1 |
_aKramer, Dietrich. _98633 |
|
| 700 | 1 |
_aMacCallum, Malcolm. _98634 |
|
| 700 | 1 |
_aHoenselaers, Cornelius. _98635 |
|
| 700 | 1 |
_aHerlt, Eduard. _98636 |
|
| 830 | 0 |
_aCambridge monographs on mathematical physics. _98637 |
|
| 942 |
_aSNS _cBK _k530.11 STE _2ddc |
||